LOST - Show Trivia - Statistics

General Stats
  • This quiz has been taken 325 times
  • The average score is 12 of 50
Answer Stats
Hint Answer % Correct
Charlie Pace goes on an endeavor to get a jar of what for Claire Littleton? Peanut Butter
83%
Who is the "Man of Faith"? John Locke
63%
What country was Sayid Jarrah from? Iraq
60%
How often did the numbers have to be entered into the Swan's computer? 108 minutes
55%
Which US State was the majority of the show filmed in? Hawaii
54%
Which recurring animal did the Dharma Initiative bring to the Island? Polar Bear
53%
Which character is unknowingly Claire Littleton's half sibling? Jack Shephard
50%
Who is the "Man of Science"? Jack Shephard
50%
Which character was waiting for John Locke to fall out of a window? Jacob
49%
What band was Charlie Pace a part of? Drive Shaft
46%
Which character was resistant to the Island's unique energy? Desmond Hume
45%
What is the name of Jack Shephard's father? Christian Shephard
41%
Which character was a slave aboard the Black Rock and later became immortal? Richard Alpert
41%
What did Charlie Pace write on his hand before drowning? "NOT PENNYS BOAT"
39%
Who is Claire Littleton's son? Aaron Littleton
35%
What name did Sawyer use when he joined the Dharma Initiative? Jim Lafleur
34%
What creature is capable of masquerading as dead people? The Man in Black
33%
Who shut down the Guam Warehouse? Benjamin Linus
30%
Name one of the characters buried alive by the survivors. Nikki Fernandez/Paulo
24%
What was the name of the flight the main characters were in? Oceanic Flight 815
24%
Which character can communicate with spirits and is also the son of Pierre Chang? Miles Straume
22%
Which character pushed John Locke out of a window? Anthony Cooper
21%
What is the name of Hurley's imaginary friend? Dave
20%
What's the real name of Marvin Candle? Pierre Chang
20%
Who gifted Daniel Faraday his notebook? Eloise Hawking
19%
Which Dharma station was used to shift objects through spacetime? The Orchid
19%
What name did John Locke go by after leaving the Island? Jeremy Bentham
18%
What's the name of the hydrogen bomb which core was detonated during the incident? Jughead
18%
What animal does the Looking Glass use as its symbol? Rabbit/bunny
16%
What location housed healing waters? The Temple
14%
What is the name of Jack and Juliet's son during the Flash Sideways? David Shephard
13%
What was the name of the multi-episode finale of season 1? Exodus
13%
Who is Horace Goodspeed's son? Ethan Rom/Goodspeed
12%
Which character does Sawyer refer to as "Chewie"? Jin-Soo Kwon
11%
What character went by Kevin Johnson? Michael Dawson
11%
What is the name of the Other who kidnapped Walt Lloyd and was later killed by Sawyer? Tom Friendly
11%
What was the name of the second flight piloted by Frank Lapidus? Ajira Flight 316
9%
Who led the Dharma Initiative on the Island? Horace Goodspeed
9%
Which Dharma station was discovered by the tail section survivors? The Arrow
5%
Who inhabited the Swan before and with Desmond Hume? Kelvin Inman
4%
Who was the captain of the Black Rock? Magnus Hanso
4%
Who convinced John Locke to go on a walkabout? Matthew Abaddon
4%
Which character had cancer before living on the Island? Rose Henderson/Nadler
4%
Which Other was stationed at the Flame? Mikhail Bakunin
3%
Which ancient Egyptian deity was depicted through the four toed statue? Tawaret
3%
What is the name of the freighter that Martin Keamy blew up? The Kahana
3%
What was the sequence of numbers "4 8 15 16 23 42" called? Valenzetti Equation
3%
What was the name of the sealed room connected to the Swan only ever seen in Via Domus? The Incident Room
1%
On the Blast Door Map, what did the acronym "CV" stand for? Cerberus Vent
0%
Who created the map written on one of the Swan's blast doors? Stuart Radzinksy
0%
No matching quizzes found
Score Distribution
Percent of People with Each Score
Percentile by Number Answered
Your Score History
You have not taken this quiz